Представление документа в формате RUSMARC

ПолеНазваниеЗначение
  Тип записи a
  Библиографический уровень a
001 Контрольный номер a80b17f316a14e40bc0a48b927e4732f
005 Дата корректировки 20161122145508.8
010 Индекс ISBN __
a ISBN 978-5-91730-563-9
200 Заглавие и сведения об ответственности 1_
a Заглавие Социальная база и особенности развития кооперации в регионах с различным типом аграрно-экономической структуры
f Первые сведения об ответственности Р. Г. Янбых
210 Выходные данные 1_
a Место издания М.
c Издательство Издательство "Канцлер"
d Дата издания 2016
463 Уровень физической единицы _0
1 2001
a Состояние и перспективы развития потребительской кооперации в России
f под общ. ред. А. Е. Бусыгина
e научное издание
v С.130-144
1 2101
a М.
c Издательство "Канцлер"
d 2016
700 Автор _1
a Фамилия Янбых
b Имя Р. Г.
g Полное личное имя Рената Геннадьевна
801 Источник записи _0
a Страна RU
b Организация РУК
g Правила каталогизации PSBO
801 Источник записи _1
a Страна RU
b Организация РУК
g Правила каталогизации PSBO
901 Тип документа __
t Тип документа a
w Контрольный № источника 879ff5d081434e8e8231cfa0d5f7e9c7
937 Технологическая информация __
a Создатель записи (имя) Зверева